000 00341nam a2200145Ia 4500
008 191201s2013 xx 000 0 und d
082 _a658
_bGOF
100 _aGOYAL,Alok
245 0 _aFundamentals of Management
250 _aEd..
260 _aN. delhi
_bV K Enterprises
_c2013
300 _a276
650 _aB.Tech(ME)
942 _2ddc
_cBK
999 _c5731
_d5731